[Event "GER-chT2 LF-22 B2 email"]
[Site "GER email"]
[Date "2007.??.??"]
[Round "?"]
[White "Steinke, Ruediger"]
[Black "Czukor, Josef"]
[Result "1/2-1/2"]
[WhiteElo "2260"]
[BlackElo "2226"]
[PlyCount "37"]
[EventDate "2007.??.??"]
[EventType "team (corr)"]
[EventRounds "9"]
[EventCountry "GER"]
[SourceTitle "Corr 2008"]
[Source "ChessBase"]
[SourceDate "2008.06.24"]
[SourceVersion "1"]
[SourceVersionDate "2008.06.24"]
[SourceQuality "1"]

1. d4 Nf6 2. c4 e6 3. Nf3 b6 4. g3 Ba6 5. b3 Bb4+ 6. Bd2 Be7 7. Bg2 c6 8. 0-0 d5 9. Bc3 Nbd7 10. Nbd2 0-0 11. Re1 c5 12. e4 dxe4 13. Nxe4 Nxe4 14. Rxe4 Bb7 15. Re1 Bf6 16. Qd2 Qc7 17. Rad1 Rad8 18. Qe3 cxd4 19. Nxd4 1/2-1/2